00452nam a2200169Ia 4500003000400000005001700004008004100021020001600062040000700078041000800085082001900093100002300112245007800135260004000213300001600253365001300269OSt20230427092211.0210423s2007 xx 000 0 und d a81309106775 cAL aeng a820.9 BLOV223 aBLOOM (Harold),Ed. aViva modern critical interpretations Harper Lee''s to kill a mockingbird. aNew DelhibViva Books Pvt Ltdc2007 avii,205bPB b125cINR